Catálogo

Cognitive-behavioral treatment of borderline personality disorder / (Registro nro. 57591)

Detalles MARC
000 -LEADER
fixed length control field 01321nam a2200325 i 4500
001 - CONTROL NUMBER
control field 57591
003 - CONTROL NUMBER IDENTIFIER
control field Mx-PuUPA
005 - DATE AND TIME OF LATEST TRANSACTION
control field 20260205100924.0
008 - FIXED-LENGTH DATA ELEMENTS--GENERAL INFORMATION
fixed length control field 140415s1993 nyu fr 000 0 eng d
020 ## - INTERNATIONAL STANDARD BOOK NUMBER
International Standard Book Number 9780898621839
Qualifying information pasta dura
020 ## - INTERNATIONAL STANDARD BOOK NUMBER
International Standard Book Number 0898621836
040 ## - CATALOGING SOURCE
Transcribing agency Mx-PuUPA
Original cataloging agency Mx-PuUPA
Language of cataloging spa
Modifying agency Mx-PuUPA
Description conventions rda
041 0# - LANGUAGE CODE
Language code of text/sound track or separate title eng
100 1# - MAIN ENTRY--PERSONAL NAME
Personal name Linehan, Marsha,
Relator term autor
9 (RLIN) 17135
245 10 - TITLE STATEMENT
Title Cognitive-behavioral treatment of borderline personality disorder /
Statement of responsibility, etc. Marsha M. Linehan
264 #1 - PRODUCTION, PUBLICATION, DISTRIBUTION, MANUFACTURE, AND COPYRIGHT NOTICE
Place of production, publication, distribution, manufacture New York :
Name of producer, publisher, distributor, manufacturer The Guilford Press,
Date of production, publication, distribution, manufacture, or copyright notice ©1993
300 ## - PHYSICAL DESCRIPTION
Extent xvii, 558 páginas ;
Dimensions 25 cm
336 ## - CONTENT TYPE
Fuente rdacontent
Content type term texto
Content type code txt
337 ## - MEDIA TYPE
Source rdamedia
Media type term sin medio
Media type code n
338 ## - CARRIER TYPE
Source rdacarrier
Carrier type term volumen
Carrier type code nc
490 0# - SERIES STATEMENT
Series statement Diagnosis and treatment of mental disorders.
650 #7 - SUBJECT ADDED ENTRY--TOPICAL TERM
Source of heading or term armarc
Topical term or geographic name entry element Trastorno límite de la personalidad
General subdivision Tratamiento
650 #7 - SUBJECT ADDED ENTRY--TOPICAL TERM
Source of heading or term armarc
Topical term or geographic name entry element Terapia cognitiva
650 #7 - SUBJECT ADDED ENTRY--TOPICAL TERM
Source of heading or term armarc
Topical term or geographic name entry element Trastorno límite de la personalidad
General subdivision Terapia
942 ## - ADDED ENTRY ELEMENTS (KOHA)
Source of classification or shelving scheme Dewey Decimal Classification
Koha item type Libro
Classification part 616.858520651
Item part L73
Existencias
Withdrawn status Lost status Source of classification or shelving scheme Damaged status Not for loan Collection code Home library Current library Shelving location Date acquired Source of acquisition Cost, normal purchase price Total Checkouts Full call number Barcode Date last seen Cost, replacement price Price effective from Koha item type
    Dewey Decimal Classification     General Biblioteca Karol Wojtyla Biblioteca Karol Wojtyla Sala general 06/01/2026 2 2120.40   616.858520651 L73 1993 106250 17/02/2026 2120.40 06/01/2026 Reserva permanente